000 005640000a22001810004500
003 MACL
005 20160526160458.0
008 160526b xxu||||| |||| 00| 0 eng d
040 _aMACL
_cMACL
041 _aHindi
082 _a891.432
100 _aपुष्‍कल, अजित
_943785
245 _aनाटक के सौ बरस
_cअजित पुष्‍कल
260 _bअक्षरक्रान्ति
_c2008
_aनई दिल्‍ली
350 _a500
650 _aLiterature
_959897
942 _cHIN
_k800/PUS/L
_2ddc
999 _c22340
_d22340